Music Quiz

Random Music or Artist Quiz
Score 0/30 Timer 08:00
3 Plays Today
Time Song % Correct
0:20-0:30Viva La Vida
66.4%
1:30-1:40Smells Like Teen Spirit
66.1%
0:00-0:10Numb
62.3%
0:10-0:20Crazy Train
49.9%
1:50-2:00Hotel California
47.8%
2:20-2:30Losing My Religion
45.9%
2:30-2:40Under The Bridge
44.8%
2:10-2:20Dream On
42.7%
4:00-4:10Take Me Out
42.1%
4:50-5:05Buddy Holly
35.5%
1:20-1:30Imagine
34.9%
4:20-4:30Creep
31.7%
1:40-1:50How To Save A Life
31.5%
0:40-0:50Jeremy
30.9%
2:50-3:00Uprising
27.5%
Time Song % Correct
3:30-3:40This Love
27.3%
3:50-4:00Chasing Cars
18.4%
3:20-3:30Toxicity
17.3%
4:10-4:20Sweet Child O' Mine
17%
1:00-1:10Nothing Else Matters
14.5%
3:10-3:20Sunday Bloody Sunday
12.4%
2:00-2:10Butterfly
12.1%
1:10-1:20Black Hole Sun
10.6%
4:40-4:50The Kill (Bury Me)
6.4%
3:40-3:50Superman
4.7%
0:50-1:00Narcotic
3.7%
0:30-0:40Watercolour
2.2%
2:40-2:501973
1.5%
3:00-3:10That Golden Rule
1.3%
4:30-4:40First Day Of My Life
0.9%
Remove Ads.
Support Sporcle.
Get the best of Sporcle when you Go Orange. This ad-free experience offers more features, more stats, and more fun while also helping to support Sporcle. Thank you for becoming a member.

You're not logged in!

Compare scores with friends on all Sporcle quizzes.
OR
Log In

Show Comments

Extras

Top Quizzes Today


Score Distribution

Your Account Isn't Verified!

In order to create a playlist on Sporcle, you need to verify the email address you used during registration. Go to your Sporcle Settings to finish the process.

Report this User

Report this user for behavior that violates our Community Guidelines.

Details: